Inscriptions of the Vijayanagara rulers / (Record no. 89105)

MARC details
000 -LEADER
fixed length control field 00757nam a22002297a 4500
005 - DATE AND TIME OF LATEST TRANSACTION
control field 20141013125515.0
010 ## - LCCN (DPL NO)
LC control number ENG-110994
020 ## - INTERNATIONAL STANDARD BOOK NUMBER
International Standard Book Number 9789380607757
Terms of availability 1850.00
035 ## - SYSTEM CONTROL NUMBER
System control number EN-94526
037 ## - SOURCE OF ACQUISITION
Source of stock number/acquisition DBAD/PUB
082 ## - DEWEY DECIMAL CLASSIFICATION NUMBER
Classification number 954.802
245 ## - TITLE STATEMENT
Title Inscriptions of the Vijayanagara rulers /
Statement of responsibility, etc edited by Y. Subbarayalu [and] S. Rajavelu
260 ## - PUBLICATION, DISTRIBUTION, ETC. (IMPRINT)
Place of publication, distribution, etc New Delhi
Name of publisher, distributor, etc Primus Books
Date of publication, distribution, etc 2014
270 ## - ADDRESS
Address Virat Bhavan, Mukherjee Nagar Commercial Complex
City New Delhi
Postal code 110009
300 ## - PHYSICAL DESCRIPTION
Extent V.5, pt.1(xliii,498p.)
Dimensions 30cm(Hb)
500 ## - GENERAL NOTE
General note Includes index
505 ## - FORMATTED CONTENTS NOTE
Formatted contents note V.5,pt.1-Tamil inscriptions
700 ## - ADDED ENTRY--PERSONAL NAME
Personal name Subbarayalu, Y.
700 ## - ADDED ENTRY--PERSONAL NAME
Personal name Rajavelu, S.
710 ## - ADDED ENTRY--CORPORATE NAME
Corporate name or jurisdiction name as entry element Indian Council of Historical Research.
942 ## - ADDED ENTRY ELEMENTS (KOHA)
Source of classification or shelving scheme Dewey Decimal Classification
Item type English Books
Call number suffix INS
Classification part 954.802
Holdings
Withdrawn status Lost status Materials specified (bound volume or other part) Not for loan Collection code Home library Current library Date acquired Source of acquisition Cost, normal purchase price Full call number Barcode Copy number Cost, replacement price Koha item type
    v.5 pt.1 Not For Loan Non-fiction D.B.Act.Division D.B.Act.Division 07/10/2014 DBAD/PUB 1850.00 954.802 INS EN-94526 1 1850.00 English Books

© Delhi Public Library
Hit Counter
free hit counter